Responses for show #3758 - Wednesday, December 27, 2000

2000 Holiday Kids Week game 3.

Contestants

Mike Kim, a 12-year-old from Wiesbaden, Germany

Alycia Kennedy, a 13-year-old from Lynnfield, Massachusetts

Adam Bock, a 13-year-old from St. Louis, Missouri

Jeopardy! Round responses

THE BIBLE
DISNEY'S ANIMAL KINGDOM
IT'S A BIG WORLD
ARTS & CRAFTS
I KNOW THAT NAME
HODGEPODGE
    $100 1
Apostles

Mike
    $100 2
Life

Mike
    $100 11
(Adam: What is Texas?)
(Alycia: What is...[time]?)

Alaska (Mt. McKinley/Denali)

AdamAlyciaMike
    $100 26
the sticks

Alycia
    $100 21
Atlantic Ocean

Alycia
    $100 16
it

Alycia
    $200 7
Passover

Triple Stumper
    $200 3
Tarzan

Adam
    $200 12
Russia

Mike
    $200 27
loom

Triple Stumper
    $200 22
India

Mike
    $200 17
elves

Mike
    $300 8
Psalms

Mike
    $300 4
Africa

Alycia
    $300 13
(Alycia: What is Las Vegas?)
(Mike: What is New York City?)

Tokyo

AdamAlyciaMike
    $300 28
mosaic

Mike
    $300 23
(Adam: What is a castle?)

Pyramid

AdamAlycia
    $300 18
(Mike: What is red?)

blue

AdamMike
    $400 9
Nazareth

Adam
    $400 5
Dinosaur

Adam
    $400 14
Nepal or China

Mike
    $400 29
tie-dye

Adam
    $400 24
the Aztecs

Mike
    $400 19
lira

Alycia
    $500 10
Solomon

Mike
    $500 6
Pocahontas

Adam
    $500 15
Iceland

Adam
    $500 30
origami

Mike
    $1,000 25
Julius Caesar

Mike
    $500 20
Joseph Pulitzer

Mike

Scores at the first commercial break (after clue 15):

Adam Alycia Mike
$2,200 -$100 $1,400

Scores at the end of the Jeopardy! Round:

Adam Alycia Mike
$2,600 $900 $4,200

Double Jeopardy! Round responses

U.S. PRESIDENTS
LET'S GO ONLINE
MEDICAL CHECKUP
SPORTS GIANTS
ENGLISH LIT
THAT'S "ME" IN THE MIDDLE
(Alex: Those letters "ME" will come up about in the middle of each correct response.)
    $200 6
Abraham Lincoln

Mike
    $200 26
the home page

Adam
    $200 21
the tongue

Adam
    $200 11
Babe Ruth

Adam
    $200 16
science fiction

Alycia
    $200 1
comedian

Adam
    $400 7
John F. Kennedy

Triple Stumper
    $400 27
Yahoo!

Mike
    $400 22
vocal cords

Adam
    $400 12
volleyball

Mike
    $400 17
Oliver Twist

Adam
    $400 2
boomerang

Adam
    $1,000 8
(Mike: Who is Dwight D. Eisenhower?)

Jimmy Carter

Mike
    $600 28
organization

Adam
    $600 23
(Alex: About a minute left in the round.)

the ear

Adam
    $600 13
weightlifting

Adam
    $600 18
bird

Adam
    $600 3
geometry

Adam
    $800 9
(Mike: Who is Jimmy Carter?)

Ronald Reagan

Mike
Triple Stumper
    $800 29
[The end-of-round signal sounds.]

cyberspace

Mike
    $1,000 24
(Adam: What are nails?)

pulse rate

Adam
    $800 14
(Mike: Who is Grant?)

Charles Barkley

AdamMike
    $800 19
Jane Austen

Adam
    $800 4
emerald

Alycia
    $1000 10
Woodrow Wilson

Triple Stumper
    $1000 25
mercury

Alycia
    $1000 15
(Alex: I ain't going to tell him!)

"The Freak"

Triple Stumper
    $1000 20
Paradise

Triple Stumper
    $1000 5
Parliament

Alycia

Scores at the end of the Double Jeopardy! Round:

Adam Alycia Mike
$8,200 $3,900 $3,400
(lock game)

[wagering suggestions for these scores]

Final Jeopardy! Round responses

THE CIVIL WAR
(Alex: Hope you've been studying your American history!)
(Alex: He may be that $5,000 bonus; I think you're the high scorer so far this week, but don't quote me on that one!)
MikeWho is Ulysses S. Grant?
$3,399
AlyciaWho is?
$1,100
AdamWho is Ulysses S. Grant
$600
Ulysses S. Grant

Final scores:

Adam Alycia Mike
$8,800 $2,800 $6,799
Winner: $13,800 + a trip for 4 to the Hilton Hawaiian Village, Oahu, Hawaii 3rd place: MyPoints.com gift certificate + a trip for 4 to the Hilton Hawaiian Village, Oahu, Hawaii 2nd place: MyPoints.com gift certificate + a trip for 4 to the Hilton Hawaiian Village, Oahu, Hawaii

Game dynamics:

Coryat scores:

Adam Alycia Mike
$9,200 $3,900 $3,900
22 R,
3 W
(including 1 DD)
10 R,
2 W
18 R
(including 1 DD),
5 W
(including 1 DD)

Combined Coryat: $17,000

The J! Archive is created by fans, for fans. The Jeopardy! game show and all elements thereof, including but not limited to copyright and trademark thereto, are the property of Jeopardy Productions, Inc. and are protected under law. This website is not affiliated with, sponsored by, or operated by Jeopardy Productions, Inc. Join the discussion at JBoard.tv.